00314nam a2200133Ia 4500003000900000008004100009040001300050040001300063100001700076245005600093260001700149300000800166490000600174IT-RoPAU120407s9999 xx 000 0 und d aIT-RoPAU cIT-RoPAU aMario Allara aLe nozioni fondamentali del diritto civile (vol. 1) aGiappichelli c cm v1